000 00916nam a2200289 i 4500
001 13636
003 ES-MaACL
005 20250225063127.0
007 t|
008 940322s1992 sp |||| | spa j
020 _a84-7960-033-0
080 _a7.071.1(460)
080 _a7.036(460)
100 1 _aValdivielso Miquel, Emilio.
_9112549
_eaut
245 1 3 _aEl drama oculto :
_bBuñuel, Dalí, Falla, García Lorca y Sánchez Mejías /
_cE. Valdivieso Miquel.
250 _a1ª ed.
260 _aMadrid :
_bEdiciones de la Torre,
_c1992.
300 _a189 p. ;
_c24 cm.
490 1 _aNuestro mundo ;
_v30.
_aArte y cultura
504 _aBibliografía.
650 1 4 _aArtistas-
_zEspaña-
_yS.XX.
_910360
650 1 4 _aGeneración del 27 (Literatura)
_913050
830 0 _aNuestro mundo ;
_v30.
_aArte y cultura
_9178660
852 _aES-MaACL
_jL-20901
942 _2udc
999 _c13636
_d13636